000 00291nam a2200097Ia 4500
001 644206
005 20250826153600.0
008 250824s9999 xx 000 0 und d
245 0 _aPROFESÖR Pİ İLE MATEMATİK 6 BÜYÜK İŞLER KOCAMAN KARARLAR
_cBİRSEN EKİM ÖZEN
260 _bTİMAŞ ÇOCUK
999 _c644206
_d644206